Państwa z największą liczbą pobliskich państw - Statystyki

Ogólne statystyki
  • Ten quiz został rozwiązany 4 443 razy
  • Średni wynik to 11 z 17
Statystyki odpowiedzi
# Państwo % Poprawnych
19 Rosja
96%
18 Chiny
93%
13 Niemcy
88%
13 Polska
87%
14 Francja
83%
10 Brazylia
76%
12 Serbia
68%
17 Włochy
67%
12 Demokratyczna Republika Konga
65%
11 Austria
61%
12 Turcja
61%
11 Węgry
61%
16 Iran
57%
13 Chorwacja
53%
14 Arabia Saudyjska
48%
11 Bośnia i Hercegowina
44%
10 Bułgaria
36%
Nie znaleziono quizów pasujących do podanych kryteriów
Rozkład punktacji
Procent ludzi z każdym wynikiem
Percentyl według liczby udzielonych odpowiedzi
Twoja historia wyników
Nie rozwiązałeś tego quizu